000 00728nam a2200241Ia 4500
003 OSt
005 20220926044202.0
006 a|||||r|||| 00| 0
007 ta
008 220923b |||||||| |||| 00| 0 eng d
037 _cGeneral Book
040 _aRTL
_cRTL
_beng
041 _2eng
_aeng
082 _aX9F182: :1:N2, F7
110 _aLeague of Nations Economic and Financial Section
245 0 _aMemorandum on the iron and steel industry
260 _c1927
490 _aInternational Economic Conterence Geneva 1927,
650 _aIron and Steel Industry
700 _aLeague of Nations Economic and Financial Section
942 _hX9F182: :1:N2, F7
_cGB
_2CC
999 _c674166
_d674166